000 01002cam a2200193 4500
001 ABS61215
008 000000n 000 0 eng u
035 _a(Sirsi) u101813
245 _aRenewable energy.
490 _aBuilding Services Journal
_v21(9) September 1999, 26-33(8)
520 _aFocus on renewable energy including: an overview of the options; a description of the Gaia Trust headquarters building in Cornwall, which aims to be as close as possible to energy-autonomous; a description of BRE's integrated photovoltaic shading and ventilation unit Airlit-pv; discussion of recent developments in wind turbines; and a description of the Beddington Zero Energy Development (BedZED), a mixed use development aiming to be totally sustainable and non-ozone depleting.
650 _aRENEWABLE ENERGY
650 _aWIND POWER
650 _aSUSTAINABLE DEVELOPMENT
650 _aPHOTOVOLTAICS
650 _aOZONE DEPLETION
690 _aENVIRONMENTAL AND LAND CONSULTANCY-ENERGY
942 _n0
999 _c60926
_d60926